| 000 | | | 03937nac2a22002533x 450 |
| 001 | | | 8d1ad6ba-e6af-488e-a659-503a139a1ed4 |
| 005 | | | 20190122002520.0 |
| 100 | ## | $a | 20181229l 1919k y0rusy50 ca |
| 101 | 0# | $a | rus |
| 102 | ## | $a | RU |
| 105 | ## | $a | y z |||e| |
| 200 | 1# | $a | Переписка с министерством финансов о расследовании по делу присвоения серебра казначеем Каменогорского банка, список служащих министерства финансов |
| | $j | 02 ноября 1918 - 29 августа 1919 |
| 215 | ## | $a | 58 листов |
| 251 | ## | $c | Дело |
| 300 | ## | $a | В деле имеются телеграммы |
| 300 | ## | $a | Часть текста машинописная и рукописная, часть - напечатана типографским способом |
| 324 | ## | $a | В деле имеются копии отдельных документов |
| 461 | #0 | $1 | 0010f0e3429-2e37-4fb4-ace0-6332d350a692 |
| | $1 | 2001 |
| | $a | Министерство внутренних дел Российского правительства. Омск |
| | $1 | 251 |
| | $c | Фонд |
| | $1 | 852 |
| | $j | 1700 |
| | $g | Р |
| 462 | #0 | $1 | 001c9fb14fb-9a60-4dc0-bd7d-6b3b0819c0c0 |
| | $1 | 2001 |
| | $a | Дела канцелярии министра. 1918-1919 гг. |
| | $v | Д. 22 |
| | $1 | 251 |
| | $c | Опись |
| | $1 | 852 |
| | $j | 1 |
| 601 | 02 | $3 | RU\NLR\AUTH\8810247804 |
| | $a | Временное Сибирское правительство |
| | $b | Министерство внутренних дел |
| 601 | 02 | $3 | RU\NLR\AUTH\889927611 |
| | $a | Временное Сибирское правительство |
| | $b | М-во финансов |
| 801 | #0 | $a | RU |
| | $b | GA_RF |
| 801 | #1 | $a | RU |
| | $b | ГлавНИВЦ |
| | $c | 20181229 |
| | $2 | rusmarc |
| 801 | #2 | $a | RU |
| | $b | ПБ им. Б.Н. Ельцина |
| | $c | 20190122 |
| | $g | RCR |
| | $2 | rusmarc |
| 852 | ## | $a | ГА РФ |
| | $j | 22 |
| 937 | ## | $d | 123558212 |
| | $h | ПБ |
| 035 | ## | $a | RuPRLIB51054411 |
| 856 | ## | $u | http://readingroom.main.prlib.ru/item.aspx?id_node=n123558212&mode=full |